Vista completa de documento

STA |a MIBE-2023
STA |a Sostenibilidad
STA |a REPO-BOEC
FMT BK
LDR      nab  22      i 4500
001 000474842
005 20240426134441.0
006 m        d        
007 cr nuu---uuuuu
008 230915s2023    sp a   fs     000 0 spa d
0247 |a 10.53479/33713 |2 doi
040 |a ES-MaBBE
084 |a G11
084 |a G20
084 |a Q50
098 |a G64 |e Valoración de activos
098 |a G1 |e Sistema monetario y financiero. Situación y análisis
098 |a K2 |e Recursos naturales y medio ambiente
1001 |a González, Clara I.
24513 |a El camino hacia el cero neto, el papel de los planes de transición y los indicadores prospectivos en la gestión de carteras |h [Recurso electrónico] / |c Clara I. González y Elena Triebskorn.
250 4 |a 15/09/2023
300 |a 13 p.
500 |a Artículo de revista
506 |a Acceso público y gratuito a la versión electrónica en Internet
5203 |a Motivación Este artículo ofrece una descripción general del camino hacia una economía con emisiones netas nulas (cero neto o net-zero), y enfatiza la importancia de este proceso en la gestión de carteras. Para ello, se hace una recopilación de varias de las iniciativas actualmente en marcha, y se detallan los elementos necesarios para elaborar un plan de transición y el modo de construir métricas relevantes en este contexto. Ideas principales • La transición hacia la consecución de los objetivos de neutralidad climática o cero neto afecta a todos los sectores de la economía, incluyendo a nivel financiero la inversión y la gestión de activos. La suma de los objetivos individuales permitirá alcanzar la meta final establecida a nivel global. Para ello es necesario llevar a cabo una planificación detallada, así como establecer estrategias donde se integre la gestión de riesgos climáticos y medioambientales. • El proceso de establecimiento de objetivos y el diseño de planes de transición se encuentran en su fase de desarrollo y adopción por parte del sector de inversión y de gestión de carteras, así como por parte de entidades financieras y el resto de las empresas. • Uno de los principales retos en este ámbito es la disponibilidad de datos fiables y comparables. Es el ingrediente fundamental para definir y establecer objetivos, así como para elaborar métricas de carácter prospectivo que permitan realizar un seguimiento de la consecución de dichos objetivos. [Resumen de autor] |9 [spa]
65310 |a Cambio climático
65310 |a Cero neto
65310 |a Plan de transición
65310 |a Métricas
65310 |a Inversión
65310 |a Finanzas sostenibles
7001 |a Triebskorn, Elena
7102 |a Banco de España. |b Dirección General de Economía y Estadística
7730 |t Boletín Económico / Banco de España [Artículos] |g 2023/T3, 14 |x 1579-8623
85641 |u https://repositorio.bde.es/handle/123456789/33713 |x 1e457bde-475b-45a0-b926-3716883a6da6 |z Ver en el Repositorio Institucional
TYP |a Artículo
TYP |a Recurso electronico
TYP |a EL |b Acceso
SYS 000474842

2013 Banco de España, Madrid, España. Reservados todos los derechos
Basado en Ex Libris (© 2009 Ex Libris)

Contacto